00674cam a2200205 a 450000100100000000500170001000800410002702000150006804000250008308200180010810000470012624501000017326000390027330000210031249000280033365000210036165000260038270000300040883000300043800000528720200929151631.0010725s2001 sp b 001 1 spa  a8466303936 aDO-SdBNPbspacBNPHU a862.3bC146vi1 aCalderón de la Barca, Pedro,d1600-1681.13aLa vida es sueño /cPedro Calderón de la Barca ; estudio y notas, Begoña Alonso Monedero. a[Madrid] :bSuma de Letras,c2001. a239 p. ;c18 cm.1 aPunto de lecturav300/3 4aTeatro español 4aLiteratura española1 aAlonso Monedero, Begoña 0aPunto de lectura ;v300/3